[Event "aston294"]
[Site "SchemingMind.com"]
[Date "2011.05.17"]
[Round "-"]
[White "HanadaNo3"]
[Black "jtrochez1"]
[Result "1-0"]
[WhiteCountry "USA"]
[BlackCountry "HON"]
[WhiteElo "2456"]
[WhiteRD "98"]
[BlackElo "1616"]
[BlackRD "52"]
[GameID "284354"]

1. Nf3 g6 2. c4 Bg7 3. Nc3 Nf6 4. e4 d6 5. d4 Bg4 6. Be2 O-O 7. Be3 c6 8. O-O Nbd7 9. h3 Bxf3 10. Bxf3 e5
11. d5 c5 12. Qd3 a6 13. a3 b6 14. Bd1 Ne8 15. Ba4 Nb8 16. b4 Qh4 17. Qb1 Bh6 18. Bxh6 Qxh6 19. bxc5 f5 20. cxb6 Nf6
21. b7 Ra7 22. c5 dxc5 23. Qb6
1-0

[Event "aston294"]
[Site "SchemingMind.com"]
[Date "2011.05.17"]
[Round "-"]
[White "jtrochez1"]
[Black "HanadaNo3"]
[Result "0-1"]
[WhiteCountry "HON"]
[BlackCountry "USA"]
[WhiteElo "1616"]
[WhiteRD "52"]
[BlackElo "2456"]
[BlackRD "98"]
[GameID "284359"]

1. e4 c5 2. Nf3 d6 3. h3 Nf6 4. Nc3 Nc6 5. Bb5 e5 6. d3 Be7 7. Nd5 Nxd5 8. exd5 Qa5+ 9. c3 Qxb5 10. dxc6 Qxc6
11. Be3 O-O 12. O-O Bf5 13. c4 e4 14. Ne1 Rad8 15. Rc1 d5 16. cxd5 Qxd5 17. Qb3 Qxb3 18. axb3 exd3 19. Bd2 Be6 20. Rc3 b6
21. Nxd3 Bf6
0-1

[Event "aston294"]
[Site "SchemingMind.com"]
[Date "2011.05.29"]
[Round "-"]
[White "Trozkij"]
[Black "dadshane2000"]
[Result "1-0"]
[WhiteCountry "GER"]
[BlackCountry "USA"]
[WhiteElo "2390"]
[WhiteRD "85"]
[BlackElo "1945"]
[BlackRD "82"]
[GameID "285189"]

1. e4 c5 2. Nf3 d6 3. d4 cxd4 4. Nxd4 Nf6 5. Nc3 a6 6. Be3 Ng4 7. Bg5 Nc6 8. h3 Qa5 9. Nf3 Nf6 10. Bd2 Qd8
11. Qe2 e6 12. O-O-O Qc7 13. Bf4 Be7 14. e5 dxe5 15. Nxe5 Nxe5 16. Bxe5 Qc6 17. Rg1 b5 18. g4 h6 19. Bg2
1-0

[Event "aston294"]
[Site "SchemingMind.com"]
[Date "2011.05.29"]
[Round "-"]
[White "dadshane2000"]
[Black "Trozkij"]
[Result "0-1"]
[WhiteCountry "USA"]
[BlackCountry "GER"]
[WhiteElo "1945"]
[WhiteRD "82"]
[BlackElo "2390"]
[BlackRD "85"]
[GameID "285193"]

1. e4 e5 2. Nf3 Nc6 3. Bb5 a6 4. Ba4 Nf6 5. O-O Bc5 6. c3 b5 7. Bc2 d5 8. d4 dxe4 9. dxc5 Qxd1 10. Bxd1 exf3
11. Bxf3 e4 12. Re1 O-O 13. Bxe4 Re8 14. Nd2 Bf5 15. f3 Rad8 16. Kf1 Nxe4 17. fxe4 Bg6 18. b4 Rd3 19. c4 Nxb4 20. Re2 bxc4
21. Bb2 c3
0-1

[Event "aston294"]
[Site "SchemingMind.com"]
[Date "2011.06.05"]
[Round "-"]
[White "Transcendent"]
[Black "Yellow"]
[Result "0-1"]
[WhiteCountry "ENG"]
[BlackCountry "INT"]
[WhiteElo "1848"]
[WhiteRD "61"]
[BlackElo "2277"]
[BlackRD "69"]
[GameID "285482"]

1. d4 d5 2. c4 c6 3. Nf3 Nf6 4. e3 Bf5 5. Qb3 Qb6 6. Nc3 e6 7. Bd2 Na6 8. c5 Qxb3 9. axb3 Nb4 10. Rc1 Rb8
11. Be2 b6 12. O-O bxc5 13. dxc5 Nd7 14. Na4 Bd3 15. Bxd3 Nxd3 16. Rc3 N3xc5 17. Nxc5 Nxc5 18. Nd4 Ne4 19. Rc2 c5 20. Nc6 Rxb3
21. Ra1 Rb6 22. Nxa7 Kd7 23. f3 Nxd2 24. Rxd2 c4 25. e4 Bc5+
0-1

[Event "aston294"]
[Site "SchemingMind.com"]
[Date "2011.06.05"]
[Round "-"]
[White "Yellow"]
[Black "Transcendent"]
[Result "1-0"]
[WhiteCountry "INT"]
[BlackCountry "ENG"]
[WhiteElo "2228"]
[WhiteRD "73"]
[BlackElo "1936"]
[BlackRD "60"]
[GameID "285487"]

1. Nf3 c5 2. e4 d6 3. d4 cxd4 4. Nxd4 Nf6 5. Nc3 a6 6. Be3 e5 7. Nb3 Be6 8. f3 h5 9. Nd5 Bxd5 10. exd5 Nbd7
11. Be2 Be7 12. O-O O-O 13. c4 Rc8 14. Qd2
1-0

[Event "aston294"]
[Site "SchemingMind.com"]
[Date "2011.06.05"]
[Round "-"]
[White "emvarela"]
[Black "John Hamer"]
[Result "0-1"]
[WhiteCountry "ARG"]
[BlackCountry "ENG"]
[WhiteElo "1785"]
[WhiteRD "50"]
[BlackElo "2038"]
[BlackRD "63"]
[GameID "285669"]

1. e4 c6 2. d4 d5 3. Nc3 g6 4. Nf3 Bg7 5. e5 Bg4 6. Be2 Nd7 7. h3 Bxf3 8. Bxf3 e6 9. O-O c5 10. Nb5 cxd4
11. Nd6+ Kf8 12. Qxd4 Nxe5 13. Qb4 a5 14. Qxb7 Rb8 15. Qa6 Qb6 16. Qxb6 Rxb6 17. Nc8 Rb8 18. Na7 Rb7
0-1

[Event "aston294"]
[Site "SchemingMind.com"]
[Date "2011.06.05"]
[Round "-"]
[White "John Hamer"]
[Black "emvarela"]
[Result "1/2-1/2"]
[WhiteCountry "ENG"]
[BlackCountry "ARG"]
[WhiteElo "2038"]
[WhiteRD "63"]
[BlackElo "1785"]
[BlackRD "50"]
[GameID "285674"]

1. d4 Nf6 2. Nf3 e6 3. c4 d5 4. Nc3 c6 5. Bg5 h6 6. Bh4 dxc4 7. e4 g5 8. Bg3 b5 9. Be2 Bb7 10. O-O Nbd7
11. Ne5 Nxe5 12. Bxe5 Bg7 13. b3 cxb3 14. Qxb3 O-O 15. a4 a6 16. f4 gxf4 17. Rxf4=
1/2-1/2

[Event "aston294"]
[Site "SchemingMind.com"]
[Date "2011.06.30"]
[Round "-"]
[White "Trozkij"]
[Black "Tariel"]
[Result "1-0"]
[WhiteCountry "GER"]
[BlackCountry "RUS"]
[WhiteElo "2387"]
[WhiteRD "90"]
[BlackElo "1763"]
[BlackRD "74"]
[GameID "287550"]

1. Nf3 d5 2. d4 f5 3. c4 e6 4. Nc3 Nf6 5. Bf4 Bd6 6. e3 O-O 7. Ne5 c6 8. Be2 Qe7 9. c5 Bc7 10. O-O Nbd7
11. Nxc6 bxc6 12. Bxc7 Nxc5 13. Bg3 Nce4 14. Nxe4 Nxe4 15. Be5 Bd7 16. Rc1 Nd6 17. Qd2 Rfb8 18. Qc2 Qf8 19. Qc5 Ne4 20. Qxf8+ Rxf8
21. Ba6 Rf7 22. f3 Nf6 23. Bb7
1-0

[Event "aston294"]
[Site "SchemingMind.com"]
[Date "2011.06.30"]
[Round "-"]
[White "Tariel"]
[Black "Trozkij"]
[Result "0-1"]
[WhiteCountry "RUS"]
[BlackCountry "GER"]
[WhiteElo "1763"]
[WhiteRD "74"]
[BlackElo "2387"]
[BlackRD "90"]
[GameID "287557"]

1. e4 c5 2. Nf3 d6 3. Nc3 a6 4. d4 cxd4 5. Nxd4 Nf6 6. Be3 e5 7. Nb3 Be7 8. f3 Be6 9. Qd2 Nbd7 10. O-O-O b5
11. g4 O-O 12. g5 b4 13. Ne2 Ne8 14. h4 a5 15. Kb1 Nb6 16. Ng3 a4 17. Nc1 d5 18. Bxb6 Qxb6 19. exd5 Rd8 20. Bc4 Nc7
0-1

[Event "aston294"]
[Site "SchemingMind.com"]
[Date "2011.07.06"]
[Round "-"]
[White "John Hamer"]
[Black "HanadaNo3"]
[Result "1/2-1/2"]
[WhiteCountry "ENG"]
[BlackCountry "USA"]
[WhiteElo "2038"]
[WhiteRD "63"]
[BlackElo "2435"]
[BlackRD "97"]
[GameID "288224"]

1. d4 d5 2. c4 dxc4 3. e3 e5 4. Bxc4 Nh6 5. Nc3 exd4 6. exd4 Nf5 7. Nf3 Be7 8. O-O O-O 9. Nd5 Nc6 10. Re1 Be6
11. Nxe7+ Nfxe7 12. Bxe6 fxe6 13. Rxe6 Qd5 14. Re3 Rad8 15. Rd3 b6 16. Be3 Rd6 17. a3 Rg6 18. Kh1 Nf5 19. Bf4 Ncxd4 20. Bxc7 Rxg2
21. Bg3 Rxg3 22. hxg3= Qb7 23. Kh2 Ne3 24. Rxe3 Nxf3+ 25. Kh3=
1/2-1/2

[Event "aston294"]
[Site "SchemingMind.com"]
[Date "2011.07.06"]
[Round "-"]
[White "HanadaNo3"]
[Black "John Hamer"]
[Result "1-0"]
[WhiteCountry "USA"]
[BlackCountry "ENG"]
[WhiteElo "2435"]
[WhiteRD "97"]
[BlackElo "2038"]
[BlackRD "63"]
[GameID "288229"]

1. Nf3 Nf6 2. c4 e6 3. Nc3 Bb4 4. Qb3 c5 5. a3 Ba5 6. g4 O-O 7. g5 Nh5 8. Ne4 d5 9. Ng3 Nf4 10. e3 Ng6
11. Bg2 Nc6 12. O-O Bc7 13. Qc2 dxc4 14. Qxc4 Bd6 15. Ne4 e5 16. h4 Be6 17. Qa4 Be7 18. h5 Nh8 19. b4 cxb4 20. axb4 Bc4
21. b5 Bxf1 22. Kxf1 Qd3+ 23. Kg1 Nb4 24. Nxe5 Qd8 25. h6 Ng6 26. hxg7 Kxg7 27. Ng4 Nd3 28. Qb3 Rh8 29. Qc3+ Kf8 30. Ba3 Bxa3
31. Qxa3+ Kg7 32. Ngf6 Nge5 33. Ng3 Kg6 34. f4 Nxf4 35. Be4+ Kxg5 36. exf4+ Kxf4 37. Qe3#
1-0

[Event "aston294"]
[Site "SchemingMind.com"]
[Date "2011.07.10"]
[Round "-"]
[White "Scooter"]
[Black "Yellow"]
[Result "0-1"]
[WhiteCountry "USA"]
[BlackCountry "INT"]
[WhiteElo "1885"]
[WhiteRD "62"]
[BlackElo "2277"]
[BlackRD "69"]
[GameID "288273"]

1. d4 d5 2. Nf3 c6 3. Bf4 Nf6 4. h3 Qb6 5. b3 Bf5 6. e3 e6 7. Bd3 Bxd3 8. Qxd3 c5 9. c3 cxd4 10. cxd4 Qa5+
11. Nbd2 Ba3 12. Rb1 Nc6 13. O-O Nb4 14. Qc3 O-O 15. Bc7 Qa6 16. Qc5 Rfc8 17. Qa5 Qxa5 18. Bxa5 Nc2
0-1

[Event "aston294"]
[Site "SchemingMind.com"]
[Date "2011.07.08"]
[Round "-"]
[White "Yellow"]
[Black "Scooter"]
[Result "1-0"]
[WhiteCountry "INT"]
[BlackCountry "USA"]
[WhiteElo "2277"]
[WhiteRD "69"]
[BlackElo "1885"]
[BlackRD "62"]
[GameID "288280"]

1. Nf3 d5 2. d4 Nf6 3. c4 e6 4. e3 Bb4+ 5. Nbd2 O-O 6. a3 Bxd2+ 7. Bxd2 c6 8. Bd3 Nbd7 9. Qc2 dxc4 10. Qxc4 Nb6
11. Qc2 Nbd5 12. e4 Ne7 13. e5 Nfd5 14. Bxh7+ Kh8 15. Be4 Nf5 16. h4 Qb6 17. Qd3 Qxb2 18. Rb1 Qa2 19. O-O b5 20. Rfc1 Bb7
21. Ra1
1-0